[Event "CRO-ch U11 Girls"]
[Site "Trogir"]
[Date "2022.06.22"]
[Round "2"]
[White "Kosina, Helena"]
[Black "Stankovic, Sonja"]
[Result "1/2-1/2"]
[WhiteElo "1851"]
[BlackElo "1672"]
[PlyCount "51"]
[EventDate "2022.06.22"]
[EventType "swiss"]
[EventRounds "9"]
[EventCountry "CRO"]
[SourceTitle "CBM 209 Extra"]
[Source "ChessBase"]
[SourceDate "2022.09.30"]
[SourceVersion "1"]
[SourceVersionDate "2022.09.30"]
[SourceQuality "1"]

1. e4 e5 2. Nf3 Nc6 3. Bc4 Bc5 4. 0-0 Nf6 5. d3 h6 6. Nc3 0-0 7. Be3 Bb6 8. Nd5 d6 9. c3 Bg4 10. h3 Bh5 11. b4 Bxe3 12. fxe3 a6 13. a4 b5 14. axb5 axb5 15. Rxa8 Qxa8 16. Nxf6+ gxf6 17. Bd5 Qa6 18. g4 Bg6 19. Qa1 Qb6 20. Re1 Ne7 21. Bb3 d5 22. Bc2 dxe4 23. dxe4 Nd5 24. exd5 Bxc2 25. Qa5 Qb7 26. e4 1/2-1/2